000 00720nam a2200205Ii 4500
003 JO-AjNU
008 230605s9999||||xx |||||||||||||| ||und||
040 _aJO-AjNU
_bara
_erda
_cJO-AjNU
041 _aara
050 1 4 _aQA551 1994
100 3 _aالحمصي ، محمد/ م. مشارك اكرم راغب حموي,
_eauthor
_936951
245 0 0 _aالفنون والمسائل العلمية في الهندسة التحليلية
250 _aط2
264 3 1 _aليبيا:جامعة التحدي, ،1994
300 _a356ص
336 _atext
_btxt
_2rdacontent
337 _aunmediated
_bn
_2rdamedia
338 _avolume
_bnc
_2rdacarrier
650 4 _aالهندسة التحليلية -رياضيات
_936952
999 _aA15397
_c18965
_d18965